| 000 | 00707nam a22002057a 4500 | ||
|---|---|---|---|
| 999 |
_c18824 _d18824 |
||
| 003 | AR-CdUCM | ||
| 008 | 190515b ||||| |||| 00| 0 spa d | ||
| 040 |
_aMUNICIPALIDAD PROVINCIAL DEL CUSCO _cBIBLIOTECA MUNICIPAL DEL CUSCO |
||
| 082 |
_a500 / _bP62 |
||
| 100 |
_aPisarzhevski, Oleg N. _939664 |
||
| 245 | _aLa ciencia al servicio del hombre / | ||
| 260 |
_aBuenos Aires : _bCartago, _c1964. |
||
| 300 | _a188 cm. | ||
| 505 | _aContenido : Como vamos conociendo todo -- Las leyes de la naturaleza son leyes de la ciencia -- La ciencia reconstruye el mundo ... | ||
| 650 |
_aNaturaleza _94241 |
||
| 650 |
_aCiencia _92098 |
||
| 650 |
_aHombre _9838 |
||
| 942 |
_2ddc _cLIBROS |
||
| 945 |
_arah _d2019/05/15 |
||